Historia de Concepción 1550-1988.
Uloženo v:
| Hlavní autor: | |
|---|---|
| Další autoři: | |
| Médium: | Kniha |
| Vydáno: |
Santiago, Chile:
Universitaria,
1979.
|
| Vydání: | Cuarta edición corregida y aumentada. |
| Témata: | |
| Tagy: |
Přidat tag
Žádné tagy, Buďte první, kdo vytvoří štítek k tomuto záznamu!
|
MARC
| LEADER | 00000cam a2200000 a 4500 | ||
|---|---|---|---|
| 001 | UCC8697 | ||
| 003 | CL-VaPUC | ||
| 005 | 20241021102045.0 | ||
| 008 | 241018t1979 ||||| |||| 00| 0 eng d | ||
| 999 | |c 374949 |d 374947 | ||
| 020 | |a 956-11-0230-6 | ||
| 040 | |c Pontificia Universidad Católica de Valparaíso | ||
| 082 | 0 | 4 | |a 983.39 CAM 1979 |2 21 |
| 100 | 0 | |a Campos Harriet, Fernando |e autor |9 603403 | |
| 245 | 1 | 0 | |a Historia de Concepción 1550-1988. |
| 250 | |a Cuarta edición corregida y aumentada. | ||
| 260 | |a Santiago, Chile: |b Universitaria, |c 1979. | ||
| 300 | |a 438 páginas. | ||
| 500 | |a c. Fondo Budge. Donación profesor Sr. Eduardo Cavieres. 05-08-2019 | ||
| 583 | |a last modification |c 20190809 11:18:00 |k Rodrigo Vera | ||
| 651 | 0 | |a Concepción |9 254982 |z Chile |x Historia |y Siglos 16-20 | |
| 700 | |a Solar Manzano, Víctor |e prólogo |9 892471 | ||
| 942 | |c BK |2 ddc | ||
| 945 | |d 20190809 11:18:00 |a dcastane | ||
| 952 | |0 0 |1 0 |3 erd |4 0 |6 983_390000000000000_CAM_1979 |7 0 |8 X |9 493734 |a FDOBUD |b FDOBUD |i 5594693 |o 983.39 CAM 1979 |p 5594693 |r 2019-11-24 |w 2019-11-24 |y BK_X |z Catalogado en:20190809 |k BUD | ||